000
00322nam a22001457a 4500
003
SGT
020
_a
9789350353264
082
_a
345.540 253 2,DAS
100
_a
DAS,P.K.
245
_a
HANDBOOK ON NEW ANTI RAPE LAW
260
_a
NEW DELHI
_b
UNIVERSAL
_c
2013
300
_a
472
650
_a
CRIMINAL LAW
942
_2
ddc
_c
BK
999
_c
11010
_d
11010